Li ji Chen shi ji shuo.

Saved in:
Bibliographic Details
Main Author: Chen, Hao, 1261-1341.
Format: Book
Language:Chinese
Published: [China] : Hainan shu ju, Guangxu 19nian xia [1893]
Subjects:
Tags: Add Tag
No Tags, Be the first to tag this record!
LEADER 00854cam a2200265ua 4500
001 007736574-7
005 20024617104250.0
008 900724s1893 cc 000 0 chi d
035 0 |a ocm22136243 
040 |a OCl  |c OCl  |d OCoLC  |d *YNH*  |d CStRLIN 
100 1 |6 880-01  |a Chen, Hao,  |d 1261-1341. 
245 1 0 |6 880-02  |a Li ji Chen shi ji shuo. 
260 |6 880-03  |a [China] :  |b Hainan shu ju,  |c Guangxu 19nian xia [1893] 
300 |a 10 v. ;  |c 27 cm. 
500 |6 880-04  |a "Chong kan."--T.p. verso. 
630 0 0 |6 880-05  |a Li ji. 
730 0 2 |6 880-06  |a Li ji.  |f 1893. 
880 1 |6 100-01  |a 陳澔,  |d 1261-1341. 
880 1 0 |6 245-02  |a 禮記陳氏集說. 
880 |6 260-03  |a [China] :  |b 海南書局,  |c 光緖19年夏[1893] 
880 |6 500-04  |a "重刊."--T.p. verso. 
880 0 0 |6 630-05  |a 禮記. 
880 0 2 |6 730-06  |a 禮記.  |f 1893. 
988 |a 20021127 
906 |0 OCLC